Bibliografia článkov zo slovenských novín a časopisov 1918-1945 odbor XXIV. Poľnohospodárstvo Zv. 1. Poľnohospodárstvo na Slovensku 1918-1928 Diel 1. Poľnohospodárstvo všeobecne. Pozemková reforma

Bibliographic Details
Other Authors: Káňavová, Anna (Compiler)
Format: Book
Language:Slovak
PhysicalDescription:488 strán 25 cm
Published: Martin Matica slovenská 1982
Edition:1. vyd.
Series:Slovenská národná retrospektívna bibliografia Séria C - články
Subjects:

MARC

LEADER 00000cam a2200000 a 4500
001 vtls001098394
003 SK-MaSNL
005 20260331203044.0
008 240226s1982 xo frbn 000 0 slo
015 |a SNBA1982/06 
020 |q (viazané) 
035 |a SNK000041236 
035 |a 2085A36B-AAFE-498B-BF05-FFCB1782BF44 
035 |a urn:nbn:sk:snk-am00iirm 
040 |a SNK  |b slo  |c SNK  |e AACR2 
041 0 |a slo 
043 |a e-xo--- 
044 |a xo  |c SK 
072 7 |a 63  |x Poľnohospodárstvo a príbuzné oblasti vedy a techniky  |2 konspekt 
072 7 |a 01  |x Bibliografia. Katalógy  |2 konspekt 
080 |a 63(437.6)"1918/1928":015  |2 1981 
080 |a 015  |2 1981 
080 |a 63(437.6)"1918/1928"  |2 1981 
080 |a 631  |2 2011 
080 |a 332.021.8  |2 2011 
080 |a 070.48  |2 2011 
080 |a 070.432  |2 2011 
080 |a (437.6)  |2 2011 
080 |a (01)-048.58  |2 2011 
100 1 |a Káňavová, Anna  |4 com  |9 555869 
245 1 0 |a Bibliografia článkov zo slovenských novín a časopisov 1918-1945  |b odbor XXIV. Poľnohospodárstvo  |n Zv. 1.  |p Poľnohospodárstvo na Slovensku 1918-1928  |n Diel 1.  |p Poľnohospodárstvo všeobecne. Pozemková reforma  |c [zostavila] Anna Káňavová 
246 3 0 |a Poľnohospodárstvo na Slovensku 1918-1928 
246 3 0 |a Poľnohospodárstvo všeobecne 
246 3 0 |a Pozemková reforma 
250 |a 1. vyd. 
260 |a Martin  |b Matica slovenská  |c 1982  |e Martin  |f Tlačiarne SNP 
300 |a 488 strán  |c 25 cm 
366 |e 1000 výtl. 
490 1 |a Slovenská národná retrospektívna bibliografia. Séria C - články  |v 3 
500 |a V tiráži označenie zväzku: 1b. Zoznam skratiek 
504 |a Bibliograficko-popisná časť (záznamy č. 9655-16943) 
650 0 7 |a poľnohospodárstvo  |2 SNKPH  |9 679 
650 0 7 |a pozemkové reformy  |2 SNKPH  |9 81027 
650 0 7 |a noviny  |2 SNKPH  |9 1420 
650 0 7 |a časopisy  |2 SNKPH  |9 1421 
650 0 7 |a články  |2 SNKPH  |9 26528 
651 7 |a Slovensko  |2 SNKPHgeo  |9 14231 
655 7 |a výberové bibliografie  |2 SNKPH  |9 70561 
830 0 |a Slovenská národná retrospektívna bibliografia  |p Séria C - články  |9 376727 
852 |a Slovenská národná knižnica 
954 |a odborná, vedecká literatúra pôvodná (slovenská)  |2 lita 
958 |a OND 
958 |a NB 
958 |a SF 
958 |a TL 
958 |a EUIPO 
999 |c 1136090  |d 1138020 
952 |a SNK  |b SNK  |y VYP  |7 0  |p 17A0169140  |o snkSC 55670/1/1b D1  |i snkKSP 5025/82  |0 0  |1 0  |4 0  |d 1998-11-19  |l 0  |r 2004-12-31 00:00:00  |w 2026-02-24 
952 |a SNK  |b SNK  |y PREZ  |7 0  |p 17A0864829  |o snkSC 55670/1/1b  |i snkKSP 5024/82  |0 0  |1 0  |4 0  |d 2012-08-06  |f 1  |l 0  |r 2025-05-23 00:00:00  |w 2026-02-24 
952 |a SNK  |b SNK  |y VYP  |7 0  |p 17A1024370  |o snkSC 55670/1/1b D2  |i snkD 885/82  |8 1  |0 0  |1 0  |4 0  |d 2016-04-19  |l 0  |r 2026-02-24 19:18:58  |w 2026-02-24